Statystyki dla Marki samochodów według krajów

Kliknij tutaj aby rozwiązać quiz!

Ogólne statystyki

  • Ten quiz został rozwiązany 195 razy
  • Średni wynik to 23 z 30

Statystyki odpowiedzi

MarkaKraj% Poprawnych
BMWNiemcy
100%
ToyotaJaponia
98%
LamborghiniWłochy
94%
HondaJaponia
90%
VolkswagenNiemcy
88%
FordStany Zjednoczone
87%
SuzukiJaponia
86%
HyundaiKorea Południowa
86%
TeslaStany Zjednoczone
86%
FerrariWłochy
86%
FiatWłochy
86%
ChevroletStany Zjednoczone
85%
ŠkodaCzechy
82%
PorscheNiemcy
82%
PeugeotFrancja
81%
CitroënFrancja
79%
Alfa RomeoWłochy
79%
MazdaJaponia
78%
NissanJaponia
77%
KiaKorea Południowa
77%
VolvoSzwecja
77%
Rolls-RoyceWielka Brytania
77%
LadaRosja
76%
ChryslerStany Zjednoczone
74%
Aston MartinWielka Brytania
71%
SeatHiszpania
69%
DaciaRumunia
59%
TataIndie
50%
GeelyChiny
39%
HoldenAustralia
25%

Rozkład punktacji

Percentyl według liczby udzielonych odpowiedzi

Procent ludzi z każdym wynikiem

Twoja historia wyników

Nie rozwiązałeś tego quizu